AH International Schools' Libraries

The things I love about playtime / (Record no. 48344)

MARC details
000 -LEADER
fixed length control field 00379nam a2200121 4500
020 ## - INTERNATIONAL STANDARD BOOK NUMBER
International Standard Book Number 978-1742116594
100 ## - MAIN ENTRY--PERSONAL NAME
Personal name Moroney, Trace,
Relator term author.
9 (RLIN) 83281
245 ## - TITLE STATEMENT
Title The things I love about playtime /
Statement of responsibility, etc by Trace Moroney.
260 ## - PUBLICATION, DISTRIBUTION, ETC. (IMPRINT)
Place of publication, distribution, etc Australia :
Name of publisher, distributor, etc Five Mile Press ;
Date of publication, distribution, etc 2010.
300 ## - PHYSICAL DESCRIPTION
Extent 24 pages.
Dimensions 9.72 x 0.39 x 9.72 inches.
490 ## - SERIES STATEMENT
Series statement The things I love about
942 ## - ADDED ENTRY ELEMENTS (KOHA)
Source of classification or shelving scheme
Koha item type Book
Holdings
Withdrawn status Lost status Source of classification or shelving scheme Damaged status Not for loan Home library Current library Date acquired Total Checkouts Full call number Barcode Date last seen Price effective from Koha item type
          Logos International School Logos International School 02/07/2025   E MOR 040336 02/07/2025 02/07/2025 Book

For any Logos Library related questions please contact Miss Art at swongnarasuk@asianhope.org.

For any Asian Hope Library related questions please contact Miss Raza at graza@asianhope.org.

Powered by Koha